12 mois et 7 jours en 30 secondes - Statistiques

Statistiques générales
  • Ce quiz a été pris 7 014 fois
  • Le résultat moyen est 14 sur 19
Statistiques - réponses
Mois/Jours % Correct
Janvier
89%
Mars
85%
Fevrier
83%
Juin
83%
Mai
83%
Avril
82%
Juillet
80%
Lundi
80%
Mardi
77%
Août
76%
Mercredi
70%
Septembre
70%
Jeudi
67%
Octobre
67%
Novembre
61%
Vendredi
60%
Décembre
59%
Samedi
55%
Dimanche
50%
Aucun quiz correspondant
Distribution des résultats
% des personnes avec chaque résultat
Percentile par nombre de réponses
Votre historique - résultats
Vous n’avez pas pris ce quiz